00474nam a2200181Ia 4500003000400000005001700004008004100021040000700062041000800069082001600077100002000093110005300113245003900166260004600205300001400251563000700265650002000272OSt20250812101711.0210707s1982 xx 000 0 und d cAL akan aK894.3 ANAS aAnantamurti U R aಅನಂತಮೂರ್ತಿ ಯು ಆರ್  aSamskarab: ಸಂಸ್ಕಾರ  aBengalurubVishva Kannada Sammelanac1982 aviii,143p aPB aKannada Fiction